000 01160nad a2200325 a 4500
001 MIU01000000000000012838911
003 MiU
005 20231010141235.0
007 cr mnummmmuuuu
008 880715s1983 enka sb 001 0 eng d
024 7 _a2027/heb05781
_2hdl
040 _aNyNyACL
_cNyNyACL
090 _aGV1599
_b(INTERNET)
245 0 0 _aWhat is dance?
_h[electronic resource] :
_breadings in theory and criticism /
_cRoger Copeland, Marshall Cohen.
300 _axvi, 582 p. :
_bill. ;
_c21 cm.
504 _aIncludes bibliographical references and index.
700 1 _aCopeland, Roger.
_941794
700 1 _aCohen, Marshall.
_941795
830 0 _aACLS Humanities E-Book.
_941796
856 4 0 _zVolltext
_uhttps://hdl.handle.net/2027/heb05781
942 _cEB
500 _aE-Book-ACLS / Zugriff nur im DHI-Lesesaal
653 _aDance.
336 _2rdacontent
_btxt
_aText
337 _2rdamedia
_bbc
_aComputermedien
338 _2rdacarrier
_bcr
_aOnline Ressource
264 _aOxford [U.K.] ;
_bOxford University Press,
_c1983.
041 _aeng
500 _aAmerican Council of Learned Societies/ https://www.humanitiesebook.org/about/
999 _c66361
_d66361